000 02391nkm0a2200385 4500
001 RU\NLR\bibl\2086222
005 20250806204023.0
020 _aRU
_9ЛЕНИНГРАД В ВЕЛИКОЙ ОТЕЧЕСТВЕННОЙ ВОЙНЕ : Печать Ленинграда, 1941 - 1945 : листовки, плакаты, открытки, альбомы: карточный каталог изданий, хранящихся в фондах Гос. Публ. б-ки. - Ленинград, 1972
035 _a(NLR Aleph) 010197892
090 _a77546
_c77546
100 _a20131203d1945 u y0rusy50 ca
101 0 _arus
102 _aRU
105 _ay z |||||
135 _acrcn 024apada
200 1 _aПлан мероприятий по технической пропаганде, проводимых домом техники и научными инженерно-техническими обществами машиностроителей и кузнецов-штамповщиков на май 1945 г.
_fЛенингр. дом техники машиностроения НКМВ СССР
210 _a[Ленинград]
_cтип. N 3
_d1945
215 _a8 с. на одном скл. л.
_d17х12
325 _aКопия доступна в Электрон. б-ке РНБ http://vivaldi.nlr.ru/ll000074914/view
337 _aЭлектронная копия доступна в Электронной библиотеке РНБ
606 1 _aБлокада Ленинграда
_z1941 - 1944
_jЛистовки
_2nlr_sh1
_2nlr_sh2
_3RU\NLR\AUTH\661253360
686 _aТ3(2)722.721,011
710 0 2 _aЛенинградский дом научно-технической пропаганды
_3RU\NLR\AUTH\889940416
801 0 _aRU
_bNLR
_c19720101
_gPSBO
801 1 _aRU
_bNLR
_c20131203
_gRCR
852 _aNLR
_bЛ3-330л
_j24/2-74-1945(5)
856 0 _uhttp://vivaldi.nlr.ru/ll000074914/view
856 1 _uhttp://vivaldi.nlr.ru/ll000074914/cover
856 2 _uhttp://vivaldi.nlr.ru/ll000074914/text
942 _cBOOK
945 _aРоссийская национальная библиотека
980 _aBV
981 3 7 _a(37) Ленинград в Великой Отечественной войне
_b(37) Анонсы, расписания, информационные сообщения